000 00337nam a2200133Ia 4500
008 220216s9999 xx 000 0 und d
100 _aWildeboer A F W
245 0 _aRuberized roads in the continent
260 _bRubber Developments
_c1957
300 _a14-Dec
650 _aRubber asphalt
650 _aRubberized roads
942 _cJS
999 _c68358
_d68358